Mixed Word: Mystery Word Quiz Stats

 Plays Quiz Updated Sep 11, 2018

Challenge
Share
Tweet
Embed
Score 0/13 Timer 04:00
1 Play Today
Scramble Answer % Correct
GENYXOOxygen
90.5%
UQIDLILiquid
86.4%
FLERIRifle
81%
LEARPSPearls
76.9%
REAHTHHearth
75.2%
DINEOIIodine
69.8%
SMOIDIIdioms
58.3%
RAUTAMTrauma
54.2%
RESBUNMNumbers
47.5%
TEDELAElated
42.9%
The first letter from each answer will give you the mystery word:Relationship
35.6%
HIPSTEAMShipmate
24.7%
RAPILEANAirplane
14.4%

You're not logged in!

Compare scores with friends on all Sporcle quizzes.
OR
Log In

You Might Also Like...

Show Comments

Extras

Top Quizzes Today


Score Distribution

Your Account Isn't Verified!

In order to create a playlist on Sporcle, you need to verify the email address you used during registration. Go to your Sporcle Settings to finish the process.

Report this User

Report this user for behavior that violates our Community Guidelines.

Details: